| 000 | 00935nam a22002657a 4500 | ||
|---|---|---|---|
| 005 | 20170124110107.0 | ||
| 010 | _aA-895400 | ||
| 020 |
_c00.00 _a8170249872 |
||
| 035 | _aA-895400 | ||
| 037 | _bCen Lib/Ret | ||
| 040 |
_aDPL _bEN |
||
| 082 |
_a923.2 _bPAR |
||
| 245 |
_aParkash Singh Badal : _cedited by S. R. Bakshi, Sita Ram Sharma [and] S. Gajnani _bchief minister of Punjab / |
||
| 260 |
_aNew Delhi _bA. P. H. Publishing Corporation _c1998 |
||
| 270 |
_bNew Delhi _a5, Ansari Road, Darya Ganj _e110002 |
||
| 300 |
_a243p. _c21cm(Hb) |
||
| 490 | _aContemporary political leadership in India | ||
| 500 | _aIncludes bibliographical references and index | ||
| 650 |
_aBadal, Parkash Singh _928317 |
||
| 650 |
_aPunjab (India) -- Politics and government _927117 |
||
| 700 |
_aBakshi, S. R. _91667 |
||
| 700 |
_aSharma, Sita Ram _917529 |
||
| 700 |
_aGajnani, S. _928318 |
||
| 942 |
_2ddc _cEN _h923.2 _mPAR |
||
| 999 |
_c130110 _d130110 |
||